|
|
|
|
| LEADER |
00000nam0a2200000 4500 |
| 001 |
223192 |
| 005 |
20231031200150.0 |
| 010 |
|
|
|a 5120007554
|
| 020 |
|
|
|a RU
|b 90-254
|
| 035 |
|
|
|a (RuTPU)RU\TPU\book\243430
|
| 090 |
|
|
|a 223192
|
| 100 |
|
|
|a 20121006d1989 k y0rusy5003 ca
|
| 101 |
0 |
|
|a rus
|
| 102 |
|
|
|a UA
|
| 105 |
|
|
|a y z 001zy
|
| 200 |
1 |
|
|a Экотехнология. Оптимизация технологии производства и природопользования
|f В. П. Кухарь, И. Д. Зайцев, Г. А. Сухоруков
|g Академия наук Украинской ССР (АН УССР)
|
| 210 |
|
|
|a Киев
|c Наукова думка
|d 1989
|
| 215 |
|
|
|a 264 с.
|
| 225 |
1 |
|
|a Человек и среда
|
| 320 |
|
|
|a Библиогр.: с. 251-262.
|
| 610 |
0 |
|
|a окружающая среда
|
| 610 |
0 |
|
|a охрана
|
| 610 |
0 |
|
|a природопользование
|
| 610 |
0 |
|
|a безотходные технологии
|
| 610 |
0 |
|
|a отходы
|
| 610 |
0 |
|
|a обработка
|
| 610 |
0 |
|
|a утилизация
|
| 610 |
0 |
|
|a сточные воды
|
| 610 |
0 |
|
|a очистка
|
| 675 |
|
|
|a 504.062
|v 3
|
| 700 |
|
1 |
|a Кухарь
|b В. П.
|g Валерий Павлович
|4 070
|
| 701 |
|
1 |
|a Зайцев
|b И. Д.
|g Иван Дмитриевич
|
| 701 |
|
1 |
|a Сухоруков
|b Г. А.
|g Георгий Александрович
|
| 712 |
0 |
2 |
|a Академия наук Украинской ССР (АН УССР)
|c (1936-1991)
|2 stltpush
|3 (RuTPU)RU\TPU\col\332
|
| 801 |
|
0 |
|a RU
|b RuMRKP
|c 19950417
|g psbo
|
| 801 |
|
1 |
|a RU
|b 63413507
|c 20121006
|
| 801 |
|
2 |
|a RU
|b 63413507
|c 20121008
|g RCR
|
| 942 |
|
|
|c BK
|